Flamencas : (Record no. 137077)

MARC details
000 -CABECERA
campo de control de longitud fija 02329nam a2200361zi 4500
001 - NÚMERO DE CONTROL
campo de control 991061597558706706
003 - IDENTIFICADOR DEL NÚMERO DE CONTROL
campo de control ES-BaIT
005 - FECHA Y HORA DE LA ÚLTIMA TRANSACCIÓN
campo de control 20260218112210.0
008 - DATOS DE LONGITUD FIJA--INFORMACIÓN GENERAL
campo de control de longitud fija 260127s2024 sp |||| 0 spa||
020 ## - NÚMERO INTERNACIONAL ESTÁNDAR DEL LIBRO
Número Internacional Estándar del Libro 9788410522039
040 ## - FUENTE DE LA CATALOGACIÓN
Centro catalogador/agencia de origen ES-BaMMU
Lengua de catalogación cat
Centro/agencia transcriptor ES-BaMMU
080 ## - NÚMERO DE LA CLASIFICACIÓN DECIMAL UNIVERSAL
Número de la Clasificación Decimal Universal 784.4
084 ## - OTRO NÚMERO DE CLASIFICACIÓN
Número de clasificación 784
090 ## - LOCALMENTE ASIGNADO TIPO-LC NÚMERO DE CLASIFICACIÓN (OCLC); NÚMERO DE CLASIFICACIÓN LOCAL (RLIN)
Número de clasificación (OCLC) (R) ; Numero de clasificación, CALL (RLIN) (NR) 784 Cas
100 1# - ENTRADA PRINCIPAL--NOMBRE DE PERSONA
Nombre de persona Castro, Eduardo
Término indicativo de función/relación autor
9 (RLIN) 12563
245 10 - MENCIÓN DE TÍTULO
Título Flamencas :
Resto del título las mujeres en la historia del flamenco /
Mención de responsabilidad, etc. Eduardo Castro
250 ## - MENCIÓN DE EDICIÓN
Mención de edición Primera edició.
264 #1 - PRODUCCIÓN, PUBLICACIÓN, DISTRIBUCIÓN, FABRICACIÓN Y COPYRIGHT
Producción, publicación, distribución, fabricación y copyright Córdoba :
Nombre del de productor, editor, distribuidor, fabricante Almuzara,
Fecha de producción, publicación, distribución, fabricación o copyright septiembre de 2024
300 ## - DESCRIPCIÓN FÍSICA
Extensión 215 pàgines :
Otras características físicas il·lustracions ;
Dimensiones 24 cm
336 ## - TIPO DE CONTENIDO
Término de tipo de contenido text
Código de tipo de contenido txt
Fuente rdacontent
337 ## - TIPO DE MEDIO
Nombre/término del tipo de medio sense mediació
Código del tipo de medio n
Fuente rdamedia
338 ## - TIPO DE SOPORTE
Nombre/término del tipo de soporte volum
Código del tipo de soporte nc
Fuente rdacarrier
490 1# - MENCIÓN DE SERIE
Mención de serie Flamenco. Serie Ensayo.
500 ## - NOTA GENERAL
Nota general Errada tipogràfica al llom:"Flaemcas"
520 ## - SUMARIO, ETC.
Sumario, etc. "Históricamente, el flamenco ha contado con figuras masculinas prominentes, mientras que las mujeres a menudo han sido reconocidas principalmente por su papel en el baile. Sin embargo, Eduardo Castro nos muestra cómo, más allá de los roles tradicionales, las mujeres han dejado una huella profunda y duradera en el cante y el toque flamenco. A través de una investigación meticulosa, Castro nos guía por un viaje que revela la riqueza y el talento de las intérpretes femeninas en el flamenco. Desde los vibrantes cafés cantantes hasta la profesionalización del flamenco en el siglo XX, estas mujeres no solo han sido partícipes, sino verdaderas protagonistas y creadoras de tendencias dentro del género. Su arte ha influido profundamente en la evolución del flamenco y ha sido esencial en la formación de algunos de los más grandes maestros de este arte. «Flamencas» es una obra que celebra la excelencia artística y la contribución de las mujeres al flamenco. No es solo un libro sobre música y danza; es una reivindicación del talento y la maestría de aquellas mujeres que han enriquecido y transformado la historia del flamenco con su pasión y habilidad incomparable." -- Contracoberta
650 #0 - PUNTO DE ACCESO ADICIONAL DE MATERIA--TÉRMINO DE MATERIA
Término de materia o nombre geográfico como elemento de entrada Flamenc (Dansa)
Subdivisión general Història
Fuente del encabezamiento o término lemac
9 (RLIN) 70854
650 #7 - PUNTO DE ACCESO ADICIONAL DE MATERIA--TÉRMINO DE MATERIA
Término de materia o nombre geográfico como elemento de entrada Dones en el flamenc
9 (RLIN) 56714
650 #7 - PUNTO DE ACCESO ADICIONAL DE MATERIA--TÉRMINO DE MATERIA
Término de materia o nombre geográfico como elemento de entrada Dones en la música de flamenc
Fuente del encabezamiento o término lemac
9 (RLIN) 56720
830 ## - PUNTO DE ACCESO ADICIONAL DE SERIE-TÍTULO UNIFORME
Título uniforme Flamenco (Almuzara)
9 (RLIN) 160884
908 ## - COLOCAR PARÁMETRO DE COMANDO (RLIN)
Colocar parámetro de comando MDMB
-- CDMAE
940 ## - EQUIVALENCIA O REFERENCIA-CRUZADA--TÍTULO UNIFORME [OBSOLETO] [solamente CAN/MARC]
Título uniforme <a href="MDMB">MDMB</a>
942 ## - ELEMENTOS DE ENTRADA AGREGADA (KOHA)
Fuente del sistema de clasificación o colocación Clasificación decimal universal
Tipo de ítem Koha Llibre
Holdings
Estado de retiro Estado de pérdida Fuente del sistema de clasificación o colocación Estado dañado No para préstamo Localización permanente Ubicación/localización actual Ubicación en estantería Fecha de adquisición Fuente de adquisición Total de préstamos Signatura topográfica completa Código de barras Fecha visto por última vez Precio válido a partir de Tipo de ítem Koha
    Clasificación decimal universal     Biblioteca Barcelona Biblioteca Barcelona BCN Lliure Accés 18/02/2026 Compra   784.4 CAS 1900089745 18/02/2026 18/02/2026 Llibre

Powered by Koha